Statistics for NFL Busts

Click here to take the quiz!

General Stats

  • This quiz has been taken 270 times
  • The average score is 7 of 15

Answer Stats

PlayerTeam Drafted By% Correct
JaMarcus RussellRaiders
97%
David CarrTexans
88%
Tim CouchBrowns
83%
Blaine GabbertJaguars
69%
Brian BosworthSeahawks
47%
Tony MandarichPackers
46%
Ki-Jana CarterBengals
44%
Akili SmithBengals
43%
Courtney BrownBrowns
42%
Charles RogersLions
40%
Rick MirerSeahawks
33%
Vernon GholstonJets
29%
Heath ShulerRedskins
26%
Aaron CurrySeahawks
25%
Steve EmtmanColts
24%

Score Distribution

Percentile by Number Answered

Percent of People with Each Score

Your Score History

You have not taken this quiz